000 00394nam a2200157Ia 4500
008 230711s9999||||xx |||||||||||||| ||und||
041 _aENG
082 _a4
_bPE-C
100 _aCapron, H L
245 0 _aComputers & information systems
250 _a1st Ed.
260 _c1994
_aNew Delhi
_bOxford University Press
650 _aComputer Engineering
700 _aPerron, John D
942 _cBK
999 _c3104
_d3104